Technical Writing : (Record no. 69264)

MARC details
000 -LEADER
fixed length control field 01110nam a22003017a 4500
003 - CONTROL NUMBER IDENTIFIER
control field URS
005 - DATE AND TIME OF LATEST TRANSACTION
control field 20240712193907.0
008 - FIXED-LENGTH DATA ELEMENTS--GENERAL INFORMATION
fixed length control field 230425b2019 ph ||||| |||| 00| 0 eng d
020 ## - INTERNATIONAL STANDARD BOOK NUMBER
International Standard Book Number `9786218035560
040 ## - CATALOGING SOURCE
Transcribing agency DLC
Original cataloging agency DLC
Language of cataloging eng
Modifying agency DLC
-- URS
Description conventions rda
050 00 - LIBRARY OF CONGRESS CALL NUMBER
Classification number Fil PE 1475 .R7887
Item number 2019
082 ## - DEWEY DECIMAL CLASSIFICATION NUMBER
Classification number 8018.0666
Item number R7887 2019
100 ## - MAIN ENTRY--PERSONAL NAME
Personal name Rosales, Ma. Junithesmer D.
Relator term author
245 ## - TITLE STATEMENT
Title Technical Writing :
Remainder of title A Resource Guide to Writing Across Disciplines /
Statement of responsibility, etc. Ma. Junithesmer D. Rosales, Erliner A. Galano, and John Amiel A. Rivera.
260 ## - PUBLICATION, DISTRIBUTION, ETC.
Place of publication, distribution, etc. Metro Manila
Name of publisher, distributor, etc. Lorimar Publishing, INC.
Date of publication, distribution, etc. [2019]
264 ## - PRODUCTION, PUBLICATION, DISTRIBUTION, MANUFACTURE, AND COPYRIGHT NOTICE
Place of production, publication, distribution, manufacture Philippines :
Name of producer, publisher, distributor, manufacturer Lorimar Publishing, INC.,
Date of production, publication, distribution, manufacture, or copyright notice [2019]
300 ## - PHYSICAL DESCRIPTION
Extent xviii, 202 pages:
Other physical details Illustrations,
Dimensions 26.5 cm,
336 ## - CONTENT TYPE
Source rdacontent
Content type term text
Content type code txt
337 ## - MEDIA TYPE
Source rdamedia
Media type term unmediated
Media type code n
338 ## - CARRIER TYPE
Source rdacarrier
Carrier type term volume
Carrier type code nc
504 ## - BIBLIOGRAPHY, ETC. NOTE
Bibliography, etc. note Includes bibliographical references (pages 200-202)
650 ## - SUBJECT ADDED ENTRY--TOPICAL TERM
Source of heading or term English Language.
650 ## - SUBJECT ADDED ENTRY--TOPICAL TERM
Source of heading or term Technical English.
650 ## - SUBJECT ADDED ENTRY--TOPICAL TERM
Source of heading or term Technical Writing.
700 ## - ADDED ENTRY--PERSONAL NAME
Personal name Galano, Erliner A.
Relator term author
700 ## - ADDED ENTRY--PERSONAL NAME
Personal name Rivera, John Amiel A.
Relator term author
942 ## - ADDED ENTRY ELEMENTS (KOHA)
Source of classification or shelving scheme Dewey Decimal Classification
Koha item type Filipiniana
Holdings
Withdrawn status Source of classification or shelving scheme Damaged status Not for loan Home library Current library Date acquired Source of acquisition Total Checkouts Full call number Barcode Date last seen Copy number Price effective from Koha item type Collection code Shelving location
  Library of Congress Classification     Antipolo College Library Antipolo College Library 07/27/2023 Purchased   Fil PE 1475 .R710 2019 URSANT - 05619 07/27/2023 1 07/27/2023 Filipiniana Non-fiction Filipiniana Section
  Library of Congress Classification     Antipolo College Library Antipolo College Library 07/27/2023 Purchased   Fil PE 1475 .R710 2019 URSANT - 05620 07/27/2023 2 07/27/2023 Filipiniana Non-fiction Filipiniana Section
  Dewey Decimal Classification     Pililla College Library Pililla College Library 06/20/2024     808.0666 R7887 2019 URSPIL-6947 06/20/2024 1 06/20/2024 Filipiniana   Filipiniana Section
  Dewey Decimal Classification     Pililla College Library Pililla College Library 06/20/2024     808.0666 R7887 2019 URSPIL-6948 06/20/2024 2 06/20/2024 Filipiniana   Filipiniana Section
  Dewey Decimal Classification     Pililla College Library Pililla College Library 06/20/2024     808.0666 R7887 2019 URSPIL-6949 06/20/2024 3 06/20/2024 Filipiniana   Filipiniana Section
  Library of Congress Classification     Rodriguez College Library Rodriguez College Library 04/25/2023 Purchased   Fil PE 1475 .R7887 2019 URSROD-4932 04/25/2023 1 04/25/2023 Filipiniana    
  Library of Congress Classification     Rodriguez College Library Rodriguez College Library 04/25/2023 Purchased   Fil PE 1475 .R7887 2019 URSROD-4933 04/25/2023 2 04/25/2023 Filipiniana    
  Library of Congress Classification     Rodriguez College Library Rodriguez College Library 04/25/2023 Purchased   Fil PE 1475 .R7887 2019 URSROD-49374 04/25/2023 3 04/25/2023 Filipiniana    

University of Rizal System
Email us at univlibservices@urs.edu.ph

Visit our Website www.urs.edu.ph/library